Načítá se...

Why soccer matters

Podrobná bibliografie
Hlavní autor: Brian Winter
Vydáno: Celebra 2014
LEADER 00171 a2200085 4500
100 |a Brian Winter 
245 |a Why soccer matters 
260 |c 2014  |b Celebra 
942 |c BK  |6 _ 
999 |c 70795  |d 70795